College Quizbowl Stats
College Quizbowl Stats
Circuits
Seasons
Sets
Records
Detailed Stats
About
Loading...
2024 ACF Fall at Illinois
Tossups
Bonuses
Players
Teams
Categories (Tossup)
Categories (Bonus)
Sophia Benedick
Chicago B
Categories
Category
Powers
Gets
Negs
BBs
Points
Earliest Buzz
Avg. Buzz
First Buzzes
Top 3 Buzzes
BPA
PVF
Science - Physics
0
2
0
0
20
31
52.50
0
1
0.00
0.00
Fine Arts - Other
0
1
0
1
10
111
111.00
0
0
0.00
0.00
Literature - European
0
1
0
0
10
87
87.00
0
0
0.00
0.00
Buzzes
Category
Answer
Value
Buzz Position
Science - Physics
Erwin Schrödinger
10
31
Science - Physics
friction
10
74
Literature - European
Gustave Flaubert
10
87
Fine Arts - Other
earrings
10
111
Previous
1
Next